Návrh spaľovacej komory pre experimentálnu spaľovaciu turbínu

Gespeichert in:
Bibliographische Detailangaben
1. Verfasser: Končitík, Andrej, 1985- (Verfasst von)
Weitere Verfasser: Molnár, Vojtech, 1947- (Betreuung Doktorarbeit)
Format: Manuskript Buch
Sprache:Slowakisch
Veröffentlicht: Bratislava : STU v Bratislave SjF, 2013
Schlagworte:
Online-Zugang:VAIS
Tags: Tag hinzufügen
Keine Tags, Fügen Sie das erste Tag hinzu!

MARC

LEADER 00000ntm a22000003a 4500
001 stu286817
005 20150617230255.9
008 140321s2013----xo------------------slo-d
040 |a STU  |b slo 
041 0 |a slo 
044 |a xo 
100 1 |a Končitík, Andrej,  |d 1985-  |4 aut  |u J  |T SjF Strojnícka fakulta  |X 51013  |U J  |Y 20  |7 A000051013 
242 0 0 |a Design combustion chamber for experimental gas turbine combustion   |y eng 
245 1 |a Návrh spaľovacej komory pre experimentálnu spaľovaciu turbínu 
260 |a Bratislava :  |b STU v Bratislave SjF,  |c 2013 
650 7 |a Thermal Power Engineering  |2 estusub 
650 7 |a diffuser  |2 estusub 
650 7 |a combustion chamber  |2 estusub 
650 7 |a difúzor  |2 stusub 
650 7 |a spaľovacia komora  |2 stusub 
650 7 |a tepelné energetické stroje a zariadenia  |2 stusub 
700 1 |a Molnár, Vojtech,  |d 1947-  |4 ths  |u J0060  |U SjF Strojnícka fakulta  |T SjF Ústav tepelnej energetiky  |X 2444  |U J0060  |Y 805  |7 A000002444 
856 4 |a info a plný text  |u http://is.stuba.sk/zp/portal_zp.pl?podrobnosti=94883  |3 VAIS